000
00296nam a2200097Ia 4500
005
20250424112817.0
008
250424s9999 xx 000 0 und d
300
_a
volumes ; 21 cm.
650
_a
Nigeria--Economic conditions--Periodicals. Nigeria--Politics and government--Periodicals.
942
_c
SR
999
_c
37265
_d
37265